000 00536nam a2200193Ia 4500
008 151119s9999||||xx |||||||||||||| ||und||
082 _a891.463
082 _bGKKV10333
100 _aबिनीवाले अविनाश
245 _aबोमदिला
260 _a--
260 _b--
260 _c1995
600 _aबिनीवाले अविनाश
630 _aबोमदिला
700 _aबिनीवाले अविनाश
730 _aबोमदिला
942 _cBOOK
999 _c1064488
_d1064485